Měkké dovednosti vysokoškolského učitele technických předmětů /

Hlavní autor: Miklošíková, Miroslava, 1959-
Jazyk: Čeština
Vydáno: Ostrava : Vysoká škola báňská - Technická univerzita Ostrava, 2012
Vydání: 1. vyd.
Témata:
Fyzický popis: 38 l. ; 29 cm
Knihy
Uloženo v:
LEADER 01851nam a2200493 a 4500
001 nkc20122357932
003 CZ PrNK
005 20120522140027.0
007 ta
008 120330s2012 xr e p 000 0 cze
015 |a cnb002357932 
020 |a 978-80-248-2621-9  |q (brož.) :  |c neprodejné 
035 |a (OCoLC)796018265 
040 |a BOA001  |b cze  |d ABA001 
072 7 |a 377  |x Odborné vzdělávání  |2 Konspekt  |9 22 
072 7 |a 37.016  |x Učební osnovy. Vyučovací předměty. Učebnice  |2 Konspekt  |9 22 
080 |a 331.546  |2 MRF 
080 |a 316.77:81'42  |2 MRF 
080 |a 377.4/.8  |2 MRF 
080 |a 378.011.3-051  |2 MRF 
080 |a (07)  |2 MRF 
100 1 |a Miklošíková, Miroslava,  |d 1959-  |7 mzk2007382113  |4 aut 
245 1 0 |a Měkké dovednosti vysokoškolského učitele technických předmětů /  |c Miroslava Miklošíková 
250 |a 1. vyd. 
260 |a Ostrava :  |b Vysoká škola báňská - Technická univerzita Ostrava,  |c 2012 
300 |a 38 l. ;  |c 29 cm 
500 |a "Systém dalšího odborného a pedagogického vzdělávání pracovníků VŠB-TUO" 
500 |a 25 výt. 
504 |a Obsahuje bibliografii 
650 0 7 |a profesní kompetence  |7 ph136580  |2 czenas 
650 0 7 |a komunikační dovednosti  |7 ph180925  |2 czenas 
650 0 7 |a další vzdělávání  |7 ph119318  |2 czenas 
650 0 7 |a vysokoškolští učitelé  |7 ph127282  |2 czenas 
650 0 9 |a vocational qualifications  |2 eczenas 
650 0 9 |a communication skills  |2 eczenas 
650 0 9 |a continuing education  |2 eczenas 
650 0 9 |a college teachers  |2 eczenas 
655 7 |a učební texty  |7 fd133599  |2 czenas 
655 9 |a educational texts  |2 eczenas 
910 2 |a BOA001  |b 4-1285.247 
990 |a BK 
995 |a 01 
991 |b 201205  |c NOV  |e n 
996 6 |b 2610509222  |c 4-1285.247  |l MZK  |r Sklad / do 1 hodiny  |n 1  |p p.v.  |w 001242046  |u 000010  |a 1  |e BOA001  |j MZK50  |s P